书目信息 |
| 题名: |
从凡尔塞和约到慕尼黑协定
|
|
| 作者: | 胡思升 编写 | |
| 分册: | ||
| 出版信息: | 北京 人民出版社 1973 |
|
| 页数: | 49页 | |
| 开本: | 20cm | |
| 丛书名: | 《学点历史》丛书 | |
| 单 册: | ||
| 中图分类: | K106 | |
| 科图分类: | ||
| 主题词: | 世界史:通史 | |
| 电子资源: | ||
| ISBN: | ||
| 000 | 00763nam0 2200229 450 | |
| 001 | 0652502452 | |
| 005 | 20060818143811.03 | |
| 010 | @dCNY0.12 | |
| 100 | @a20060818d1973 km y0chiy0120 ea | |
| 101 | 0 | @achi |
| 102 | @aCN@b110000 | |
| 200 | 1 | @a从凡尔塞和约到慕尼黑协定@Acong fan er sai he yue dao mu ni hei xie ding@e两次大战期间帝国主义的几个协定@f胡思升编写@Fhu si sheng bian xie |
| 210 | @a北京@c人民出版社@d1973 | |
| 215 | @a49页@d20cm | |
| 225 | 2 | @a《学点历史》丛书 |
| 410 | 0 | @12001 @a《学点历史》丛书 |
| 517 | 1 | @a两次大战期间帝国主义的几个协定@Aliang ci da zhan qi jian di guo zhu yi de ji ge xie ding |
| 606 | 0 | @a世界史:通史 |
| 690 | @aK106@v3 | |
| 701 | 0 | @a胡思升@Ahu si sheng@4编写 |
| 801 | 0 | @aCN@bPFT@c20060818 |
| 905 | @a10447@dK106@e126 | |
| 从凡尔塞和约到慕尼黑协定:两次大战期间帝国主义的几个协定/胡思升编写.-北京:人民出版社,1973 |
| 49页;20cm.-(《学点历史》丛书) |
| ISBN :CNY0.12 |
| ● |
| 相关链接 |
|
|
|
|
正题名:从凡尔塞和约到慕尼黑协定
索取号:K106/126
 
预约/预借
| 序号 | 登录号 | 条形码 | 馆藏地/架位号 | 状态 | 备注 |
| 1 | 0466543 | 204665433 | 密集书库/ [索取号:K106/126] | 在馆 |